00356nam a2200121Ia 4500008004100000245010000041260002400141260000900165300000800174500000900182650002300191650002000214170224s9999 xx 000 0 und d a“Fair use is legal use”: Copyright negotiations and strategies in the fan-vidding community bNew Media & Society c2016 a18: a2016 xCommunication Arts xMultimedia Arts